Regions & Regionalism in India (Record no. 17019)

MARC details
000 -LEADER
fixed length control field 00563nam a2200229 a 4500
020 ## - INTERNATIONAL STANDARD BOOK NUMBER
ISBN 9788189524616
082 00 - DEWEY DECIMAL CLASSIFICATION NUMBER
Classification number 320.954
Author Cutter SUB
100 ## - MAIN ENTRY--AUTHOR NAME
Author name Subbarao B,
245 ## - TITLE STATEMENT
Title Regions & Regionalism in India
260 ## - PUBLICATION, DISTRIBUTION, ETC. (IMPRINT)
Place of publication New Delhi
Name of publisher Critical Quest
Year of publication 2011
300 ## - PHYSICAL DESCRIPTION
Number of Pages 39p
500 ## - GENERAL NOTE
General note includes index and biblioraphy
650 ## - SUBJECT ADDED ENTRY--TOPICAL TERM
Topical Term Politics-India
942 ## - ADDED ENTRY ELEMENTS (KOHA)
Koha item type Books
700 1# -
-- Subbarao B,
Holdings
Collection code Home library Current library Date acquired Cost, normal purchase price Full call number Accession Number Koha item type
  Henry Martyn Institute Library Henry Martyn Institute Library 10/21/2011 30.00 320.954 SUB 023668 Books
                   Copyright © 2026 | Henry Martyn Institute | Hyderabad | TS-500052 | INDIA | Implemented by hmi.edu.in
Hit-Count:

Powered by Koha